Trenerzy Lecha Poznań w XXI wieku. - Statystyki

Ogólne statystyki
  • Ten quiz został rozwiązany 178 razy
  • Średni wynik to 9 z 17
Statystyki odpowiedzi
Lata Narodowość Trener % Poprawnych
2014-2015 Polska Skorża
92%
2018-2019 Polska Nawałka
81%
2019-teraz Polska Żuraw
80%
2016-2018 Chorwacja Bjelica
78%
2012-2014 Polska Rumak
74%
2006-2009 Polska Smuda
74%
2010-2012 Hiszpania Bakero
73%
2015-2016 Polska Urban
72%
2009-2010 Polska Zieliński
60%
2003-2006 Polska Michniewicz
58%
2018-2018 Serbia Djurdjevic
55%
2014-2014 Polska Chrobak
19%
2003-2003 Czechy Pala
18%
2001-2002 Polska Baniak
17%
2003-2003 Czechy Panik
11%
2000-2001 Polska Topolski
11%
2002-2003 Polska Jakolcewicz
5%
Nie znaleziono quizów pasujących do podanych kryteriów
Rozkład punktacji
Procent ludzi z każdym wynikiem
Percentyl według liczby udzielonych odpowiedzi
Twoja historia wyników
Nie rozwiązałeś tego quizu